000 00325nam a22001457a 4500
008 221117b ||||| |||| 00| 0 eng d
020 _a9780195132533
041 _aeng
080 _a159.9
082 _a159.9THO
100 _a25
101 _aPSI
245 _aRAISING A hANDICAPPED CHILD
_cTHOMPSON CH
942 _2udc
_cBK
999 _c58931
_d58931